[Event "CUB-ch sf"]
[Site "Villa Clara"]
[Date "1995.??.??"]
[Round "7"]
[White "Moreno, Alejandro"]
[Black "Li, Manuel"]
[Result "1/2-1/2"]
[WhiteElo "2445"]
[BlackElo "2365"]

1.e4 g6 2.d4 Bg7 3.Nc3 c6 4.Nf3 d5 5.h3 Nf6 6.e5 Ne4 7.Nxe4 dxe4 8.Ng5 c5
9.d5 Bxe5 10.Nxe4 Qa5+ 11.Bd2 Qb6 12.Rb1 Bg7 13.Be2 Nd7 14.O-O O-O 15.Be3 Qa5
16.Nxc5 Qxa2 17.Bd4 Bxd4 18.Qxd4 Nxc5 19.Qxc5 Bf5 20.Bc4 Qa4 21.Bb3 Qd7 22.Rbe1 Rfe8
23.Re2 Qd6  1/2-1/2

[Event "LTU-ch"]
[Site "Vilnius"]
[Date "1995.??.??"]
[Round "2"]
[White "Slivinskas, Mindaugas"]
[Black "Martinkus, Rolandas"]
[Result "0-1"]
[WhiteElo "2255"]
[BlackElo "2265"]

1.e4 g6 2.d4 Bg7 3.Nc3 c6 4.Bc4 b5 5.Bb3 a5 6.a3 e6 7.e5 f5 8.Nf3 Na6 9.Bg5 Qb6
10.d5 c5 11.dxe6 dxe6 12.Nd5 Qb7 13.Nf4 c4 14.Ba2 Nh6 15.O-O O-O 16.a4 Nb4
17.axb5 Nxa2 18.Rxa2 Qxb5 19.Re1 Re8 20.Qd2 Nf7 21.Bf6 Bh6 22.Qd4 Bb7 23.Ne2 Bxf3
24.gxf3 Qc6 25.Kg2 Reb8 26.Rea1 Rb5 27.Qc3 Qb6 28.Qxc4 Rc5 29.Qd4 Qc6 30.Nc3 Rc4
31.Qd3 a4 32.Rd1 Bf4 33.Qe2 g5 34.Rd3 g4 35.Ra1 a3 36.bxa3 Rxc3 37.Rad1 gxf3+
38.Qxf3 Qxf3+ 39.Kxf3 Rxd3+ 40.Rxd3 Bxe5  0-1

[Event "AUT-ch"]
[Site "Voitsberg"]
[Date "1995.??.??"]
[Round "4"]
[White "Sinowjew, Juri"]
[Black "Eisterer, Heinrich"]
[Result "1-0"]
[WhiteElo "2310"]
[BlackElo "2360"]

1.e4 g6 2.d4 Bg7 3.Nc3 c6 4.Bc4 d6 5.Qf3 e6 6.Nge2 Nd7 7.a4 Ngf6 8.O-O d5
9.Bb3 dxe4 10.Nxe4 Nxe4 11.Qxe4 O-O 12.Bf4 c5 13.c3 cxd4 14.cxd4 Qb6 15.Qf3 e5
16.dxe5 Nxe5 17.Qg3 Be6 18.Bxe6 Qxe6 19.Nd4 Qf6 20.Nb5 Nc6 21.Rab1 Rad8 22.Bg5 Qe6
23.Bxd8 Rxd8 24.Rbe1 Qc4 25.b3 Qb4 26.Qc7 a6 27.Na7 Bd4 28.Nxc6 Bxf2+ 29.Kh1 bxc6
30.Qxd8+  1-0

[Event "AUT-ch"]
[Site "Voitsberg"]
[Date "1995.??.??"]
[Round "5"]
[White "Casagrande, Harald"]
[Black "Sinowjew, Juri"]
[Result "1-0"]
[WhiteElo "2340"]
[BlackElo "2320"]

1.d4 g6 2.e4 Bg7 3.Nc3 c6 4.Nf3 d5 5.h3 dxe4 6.Nxe4 Nd7 7.Bc4 Ngf6 8.Nxf6+ Nxf6
9.O-O O-O 10.Re1 c5 11.Qe2 cxd4 12.Qxe7 Qxe7 13.Rxe7 Nd7 14.Bf4 Bf6 15.Re2 Nb6
16.Bb3 Bf5 17.Rd1 Rfd8 18.Bg5 Kg7 19.Bxf6+ Kxf6 20.Rxd4 a5 21.g4 Rxd4 22.Nxd4 Bd7
23.a3 Re8 24.Rxe8 Bxe8 25.f4 h6 26.Kf2 Na4 27.Bxa4 Bxa4 28.Ke3 Ke7 29.b4 axb4
30.axb4 Bd7 31.c4 Kd6 32.Nf3 f6 33.Nh4 Be8 34.Kd4 Bf7 35.Ng2 Be6 36.Ne3 Bd7
37.f5 g5 38.Nd5 Bc6 39.c5+ Kd7 40.Nxf6+ Ke7 41.Ne4 Bb5 42.Ke5 Bf1 43.f6+ Kf8
44.Nd6 Bxh3 45.Kf5 h5 46.Kxg5 hxg4 47.Kf4 Kg8 48.b5 Kh7 49.c6 bxc6 50.bxc6  1-0

[Event "AUT-chT9596"]
[Site "Vorarlberg"]
[Date "1995.??.??"]
[Round "1"]
[White "Doskocil, Klaus"]
[Black "Donev, Ivo Hristov"]
[Result "0-1"]
[WhiteElo "2245"]
[BlackElo "2385"]

1.e4 g6 2.d4 Bg7 3.Nc3 c6 4.Nf3 d5 5.Be2 Nh6 6.O-O O-O 7.Bf4 f6 8.Re1 Nf7
9.h3 e5 10.Be3 f5 11.exf5 Bxf5 12.dxe5 Nxe5 13.Bc5 Re8 14.Nxe5 Bxe5 15.Bg4 Nd7
16.Ba3 Qf6 17.Bxf5 Qxf5 18.Qd3 Qxd3 19.cxd3 a5 20.Ne2 b5 21.d4 b4 22.Bxb4 axb4
23.dxe5 Nxe5 24.Nf4 Kf7 25.a3 g5 26.Nh5 bxa3 27.bxa3 c5 28.Red1 d4 29.a4 d3
30.f4 gxf4 31.Nxf4 c4 32.Nd5 Rad8 33.Nc3 Nc6 34.a5 d2 35.Ra2 Rd3 36.Rf1+ Kg6
37.Nd1 Re1 38.Ra4 c3 39.Rg4+ Kh5 40.Rc4 Nd4 41.Rc5+ Kg6 42.a6 c2 43.a7 Rxf1+  0-1

[Event "Zadar op"]
[Site "Zadar"]
[Date "1995.??.??"]
[Round "?"]
[White "Zelenika, Srdjan"]
[Black "Mohr, Georg"]
[Result "0-1"]
[WhiteElo "2255"]
[BlackElo "2430"]

1.e4 g6 2.d4 Bg7 3.Nc3 c6 4.f4 d5 5.e5 h5 6.Nf3 Nh6 7.Be3 Bg4 8.Be2 Nf5 9.Bf2 e6
10.Qd2 Bf8 11.O-O-O b5 12.Rdf1 Nd7 13.Nd1 Qb6 14.Ng1 Qa6 15.Kb1 Nb6 16.Bd3 Nc4
17.Qc1 Qa5 18.Ka1 Rb8 19.Ne3 Ba3 20.Nxg4 Bxb2+ 21.Qxb2 Nxb2 22.Nf6+ Kd8 23.Kxb2 Qb4+
24.Kc1 Nxd4 25.Bxd4 Qxd4 26.Ne2 Qa4 27.Kd2 Ke7 28.Rb1 Rhc8 29.c3 Qxa2+ 30.Bc2 Qa5
31.Ra1 Qb6 32.Rhb1 c5 33.Bd3 a6 34.Ra2 Rd8 35.Rba1 Ra8 36.Rb1 c4 37.Bc2 Qf2
38.Kd1 Kf8 39.Nh7+ Kg7 40.Ng5 Qxg2 41.h3 Qf1+ 42.Kd2 Qf2 43.Kd1 d4 44.cxd4 Rxd4+
45.Nxd4 Rd8  0-1

[Event "Zadar op"]
[Site "Zadar"]
[Date "1995.??.??"]
[Round "?"]
[White "Rosandic, Denis"]
[Black "Feletar, Darko"]
[Result "1-0"]
[WhiteElo "2385"]
[BlackElo "2320"]

1.e4 g6 2.d4 Bg7 3.Nc3 c6 4.f4 d5 5.e5 h5 6.Bd3 Bg4 7.Nge2 e6 8.Be3 Ne7 9.Qd2 Nd7
10.O-O-O b5 11.h3 Bxe2 12.Nxe2 h4 13.g4 hxg3 14.Nxg3 Nf5 15.Nxf5 exf5 16.Rdg1 Rh7
17.h4 Nf8 18.h5 Kd7 19.hxg6 Rxh1 20.Bxf5+ Kc7 21.Rxh1 fxg6 22.Qa5+ Kb7 23.Qxd8 Rxd8
24.Bd3 Rd7 25.Rg1 Bh6 26.Rh1 Rh7 27.Kd1 Kc7 28.Ke2 Kd8 29.f5 Bxe3 30.Rxh7 gxf5
31.Rh8  1-0

[Event "EU-ch U18"]
[Site "Zagan"]
[Date "1995.??.??"]
[Round "1"]
[White "Protaziuk, Grzegorz"]
[Black "Baklan, Vladimir"]
[Result "1-0"]
[WhiteElo "2285"]
[BlackElo "2490"]

1.e4 g6 2.d4 Bg7 3.Nc3 c6 4.Nf3 d5 5.h3 Nh6 6.Be2 f6 7.O-O O-O 8.Re1 Nf7
9.Bf1 b6 10.a4 Bb7 11.a5 bxa5 12.Na4 Nd7 13.Qe2 e5 14.exd5 cxd5 15.Qb5 Nd6
16.Qb3 Qc7 17.Nc3 Nc4 18.Qb5 Ndb6 19.b3 Nd6 20.Qxa5 e4 21.Nh2 Nf5 22.Nb5 Qxc2
23.Bf4 e3 24.Bxe3 Nxe3 25.Rxe3 Bh6 26.Re7 Bc6 27.Nc7 Rab8 28.Ne6 Nc8 29.Rc7 Re8
30.Nc5 Ne7 31.Nd7 Bd2 32.Qa6 Rec8 33.Nxf6+ Kf7 34.Rxc8 Rxc8 35.Nfg4 Bc3 36.Ne5+ Kf8
37.Ra2 Qxb3 38.Nhf3 Qb1 39.Nxc6 Rxc6 40.Qxa7 Bb4 41.Ra1 Qb2 42.Qb8+ Rc8 43.Qf4+ Kg8
44.Ra7 Qb1 45.Qe5 Qe4 46.Qxe4 dxe4 47.Ng5 h6 48.Nxe4 Rd8 49.Bc4+ Kf8 50.d5 Rc8
51.Ba2 Rc1+ 52.Kh2 Rd1 53.Ra6 Nxd5 54.Bxd5 Rxd5 55.Rxg6 h5 56.Kg3 Be7 57.Ra6 Rf5
58.Rb6 Kg7 59.Rb3 Kg6 60.f4 Rd5 61.Kf3 h4 62.Kg4 Rd4 63.Rb6+ Kf7 64.Ng5+ Bxg5
65.Kxg5 Rd2 66.Rb7+ Kg8 67.Kxh4 Rxg2 68.Rb3 Kf7 69.Rg3 Re2 70.Kg5 Ra2 71.Re3 Ra5+
72.Re5 Ra3 73.h4 Rg3+ 74.Kf5 Rh3 75.Kg4 Rh1 76.Ra5 Kf6 77.Ra6+ Kg7 78.h5 Rb1
79.Kg5 Rb5+ 80.f5 Rb7 81.Rd6 Ra7 82.Rd5 Ra6 83.Rd7+ Kg8 84.h6 Ra1 85.Kf6 Rg1
86.Rd8+ Kh7 87.Kf7 Re1 88.f6  1-0

[Event "EU-ch U16"]
[Site "Zagan"]
[Date "1995.??.??"]
[Round "5"]
[White "Dyce, Andrew"]
[Black "Simacek, Pavel"]
[Result "0-1"]
[WhiteElo "2135"]
[BlackElo "2210"]

1.e4 g6 2.d4 Bg7 3.Nc3 c6 4.Bc4 d6 5.a4 Nf6 6.Qe2 d5 7.exd5 cxd5 8.Bb5+ Nc6
9.Nf3 O-O 10.O-O Bg4 11.Be3 Ne4 12.Rad1 Rc8 13.h3 Bxf3 14.Qxf3 Nxc3 15.bxc3 Na5
16.Bf4 a6 17.Be2 e6 18.Rb1 Qd7 19.Rb6 Rc6 20.Rb4 Rfc8 21.Bd2 Bf8 22.Rfb1 Bxb4
23.cxb4 Nc4 24.Bh6 f5 25.h4 Nd6 26.Rb3 Rxc2 27.h5 Ne4 28.b5 a5 29.g4 g5 30.gxf5 exf5
31.Re3 Rc1+ 32.Kg2 f4 33.Rxe4 dxe4 34.Qxe4 Re8 35.Qd3 Qe6  0-1

[Event "Zalakaros op"]
[Site "Zalakaros"]
[Date "1995.??.??"]
[Round "4"]
[White "Grabics, Monika"]
[Black "Barczay, Laszlo"]
[Result "0-1"]
[WhiteElo "2315"]
[BlackElo "2400"]

1.e4 g6 2.d4 Bg7 3.Nc3 c6 4.Bc4 b5 5.Bb3 a5 6.a3 d6 7.Qf3 e6 8.Nge2 Ba6 9.Be3 Nd7
10.Rd1 Qc7 11.O-O Ngf6 12.Rfe1 O-O 13.Qh3 b4 14.axb4 axb4 15.Nb1 c5 16.dxc5 dxc5
17.Nf4 c4 18.Ba4 Ne5 19.f3 Bc8 20.b3 c3 21.Nd3 Nxd3 22.Rxd3 Nd7 23.Qh4 Nc5
24.Bxc5 Qxc5+ 25.Qf2 Qa5 26.f4 Rd8 27.Rxd8+ Qxd8 28.e5 Bf8 29.Qf3 Qb6+ 30.Kh1 Bb7
31.Qe2 Rd8 32.h3 Rd4 33.Qf2 Bc5 34.Qh4 Qd8 35.Qg3 Be4 36.Qf2 Rd1 37.Qe2 Rxe1+
38.Qxe1 Qd4  0-1

[Event "Zalakaros op"]
[Site "Zalakaros"]
[Date "1995.??.??"]
[Round "9"]
[White "Barczay, Laszlo"]
[Black "Horvath, Julia"]
[Result "1-0"]
[WhiteElo "2400"]
[BlackElo "2270"]

1.e4 c6 2.d4 g6 3.Nc3 Bg7 4.Nf3 d5 5.h3 dxe4 6.Nxe4 Nd7 7.Bc4 Ngf6 8.Nxf6+ Nxf6
9.O-O O-O 10.Re1 Qc7 11.Qe2 e6 12.Ne5 a5 13.a4 Nd5 14.Bb3 b6 15.c4 Ba6 16.Qf3 Ne7
17.Bf4 Qc8 18.Rac1 Bb7 19.c5 Qd8 20.Red1 Nd5 21.Bxd5 exd5 22.cxb6 Ra6 23.Nxc6 Bxc6
24.Rxc6 Rxb6 25.Bc7 Rxc6 26.Bxd8 Rxd8 27.b3 Bf8 28.Re1 Bb4 29.Re3 Kg7 30.g3 Rf6
31.Qe2 Rc8 32.Kg2 h5 33.Re5 Rd6 34.Qb5 Rc2 35.Re2 Rc3 36.Re3 Rc7 37.Qb8 Rc2
38.Rf3 Rd7 39.Qe5+ Kh7 40.g4 hxg4 41.hxg4 Rc3 42.Qe8 Rxf3 43.Qxd7 Rf4 44.Kg3 g5
45.Qxd5 Kg6 46.Qh1 f6 47.Qd1 Kf7 48.f3 Bc3 49.Qc1 Bb4 50.Qc4+ Ke7 51.Kf2 Kd6
52.Ke3 Kd7 53.Qd5+ Kc7 54.Kd3 Kb6 55.Kc4 Bd2 56.Qc5+ Kb7 57.Kb5  1-0

[Event "Zaragoza op-B"]
[Site "Zaragoza"]
[Date "1995.??.??"]
[Round "4"]
[White "Jepson, Christian"]
[Black "De la Rocha, Ramon"]
[Result "1-0"]
[WhiteElo "2325"]
[BlackElo "2280"]

1.e4 g6 2.d4 Bg7 3.Nc3 c6 4.Nf3 d6 5.a4 Nf6 6.h3 O-O 7.Be3 Nbd7 8.Qd2 e5
9.dxe5 dxe5 10.Bc4 Qe7 11.O-O Nc5 12.Ng5 h6 13.b4 Ncd7 14.Nxf7 Rxf7 15.f4 Kh7
16.Bxf7 Qxf7 17.Rae1 Qe7 18.f5 gxf5 19.exf5 Qxb4 20.Rf3 b6 21.Rg3 Qe7 22.Rf1 Ba6
23.Rg6 Bxf1 24.Bxh6 Bh8 25.Qg5 Ng8 26.Qh4  1-0

[Event "Donner mem op"]
[Site "Amsterdam"]
[Date "1996.??.??"]
[Round "2"]
[White "Kohler, Aran"]
[Black "Norwood, David"]
[Result "1/2-1/2"]
[WhiteElo "2320"]
[BlackElo "2520"]

1.d4 g6 2.e4 Bg7 3.Nc3 c6 4.Be3 d6 5.Qd2 Nd7 6.O-O-O b5 7.Bd3 Nb6 8.b3 a5
9.h4 h5 10.Nh3 Nf6 11.f3 Bxh3 12.Rxh3 Nfd7 13.f4 b4 14.Ne2 Nf6 15.Kb1 d5
16.e5 Ng4 17.f5 gxf5 18.Bxf5 Nxe3 19.Qxe3 e6 20.Bd3 a4 21.Qg5 Qxg5 22.hxg5 Ke7
23.Rdh1 axb3 24.cxb3 c5 25.Rc1 Ra5 26.dxc5 Nd7 27.Nd4 Nxe5 28.Be2 Rc8 29.Bxh5 Raxc5
30.Rxc5 Rxc5 31.Nc2 Nc6 32.Rf3 f5 33.gxf6+ Bxf6 34.Rd3 e5 35.Bf3 e4 36.Re3 Kd6
37.Bxe4 dxe4 38.Rxe4 Bc3 39.a3 Rh5 40.Ne3 Rh1+ 41.Kc2 Nd4+ 42.Kd3 bxa3 43.Kxc3 Nb5+
44.Kb4 a2 45.Nc2 Kd5 46.Rg4 Rc1 47.Rg5+ Ke4 48.Rxb5 Rxc2 49.Ra5 Kd4 50.Ra4 Rxg2
51.Ra8 Rg7 52.Rd8+  1/2-1/2

[Event "Donner mem op"]
[Site "Amsterdam"]
[Date "1996.??.??"]
[Round "8"]
[White "Bosch, Jeroen"]
[Black "Norwood, David"]
[Result "1/2-1/2"]
[WhiteElo "2425"]
[BlackElo "2520"]

1.e4 g6 2.d4 Bg7 3.Nc3 c6 4.Nf3 d6 5.Be3 Nf6 6.h3 O-O 7.a4 Nbd7 8.a5 Rb8
9.Be2 b5 10.axb6 axb6 11.O-O b5 12.e5 Ne8 13.Qd2 dxe5 14.dxe5 Nc7 15.Rfd1 b4
16.Ne4 Ne6 17.Bh6 Qc7 18.Bxg7 Kxg7 19.Neg5 Nxe5 20.Nxe6+ Bxe6 21.Qd4 f6 22.Ra7 Rb7
23.Rxb7 Nxf3+ 24.Bxf3 Qxb7 25.Qc5  1/2-1/2

[Event "BEL-chT9596"]
[Site "Antwerp"]
[Date "1996.??.??"]
[Round "?"]
[White "Lemmers, Oscar"]
[Black "Van Mil, Johannes A J"]
[Result "0-1"]
[WhiteElo "2365"]
[BlackElo "2475"]

1.e4 g6 2.d4 Bg7 3.Nc3 c6 4.f4 d5 5.e5 Nh6 6.Nf3 f6 7.Be3 Bg4 8.h3 Bxf3 9.Qxf3 O-O
10.exf6 exf6 11.g4 f5 12.O-O-O Nd7 13.Bd3 Nb6 14.Ne2 Qe7 15.Ng3 Rae8 16.Bf2 Nc4
17.c3 Nd6 18.gxf5 Nhxf5 19.Rde1 Qf7 20.Rxe8 Rxe8 21.h4 Nxg3 22.Bxg3 Nf5 23.Bf2 Bh6
24.h5 Qc7 25.hxg6 Qxf4+ 26.Qxf4 Bxf4+ 27.Kb1 hxg6 28.a4 Kg7 29.a5 a6 30.Ka2 Nd6
31.Kb3 Ne4 32.Be1 g5 33.c4 Be3 34.cxd5 cxd5 35.Bc3 Kg6 36.Kb4 g4 37.Rh4 Kg5
38.Rh7 Re6 39.Rxb7 g3 40.Rg7+ Rg6 41.Rxg6+ Kxg6 42.Bf1 Kf5 43.b3 Bd2 44.Bxd2 Nxd2
45.Bg2 Ne4 46.Ka3 Kf4 47.b4 Nd6 48.Kb2 Ke3 49.b5 Nxb5 50.Bxd5 Nxd4 51.Bg2 Ne2
52.Kb3 Kd4 53.Kc2 Nf4 54.Bh1 g2 55.Bxg2 Nxg2 56.Kd2 Kc4 57.Kc2 Kb4 58.Kb2 Kxa5  0-1

[Event "Donau op 5th"]
[Site "Aschach"]
[Date "1996.??.??"]
[Round "1"]
[White "Mueller, Max"]
[Black "Casagrande, Harald"]
[Result "0-1"]
[WhiteElo "2080"]
[BlackElo "2370"]

1.e4 g6 2.d4 Bg7 3.Nc3 c6 4.f4 d5 5.e5 h5 6.Nf3 Bg4 7.Bd3 Nh6 8.Be3 Qb6 9.O-O Nd7
10.Qd2 Bxf3 11.Rxf3 e6 12.Na4 Qc7 13.Kh1 Bf8 14.Re1 Nf5 15.Bf2 Be7 16.Rh3 O-O-O
17.b4 Kb8 18.Nc5 Ka8 19.a4 b6 20.Na6 Qb7 21.b5 c5 22.a5 c4 23.Bxf5 gxf5 24.Bh4 Bxh4
25.Rxh4 c3 26.Qxc3 Rc8 27.Qd2 Rc4 28.Ra1 Rhc8 29.Nb4 bxa5 30.Rxa5 Qb6 31.c3 Qxa5  0-1

[Event "Donau op 5th"]
[Site "Aschach"]
[Date "1996.??.??"]
[Round "6"]
[White "Lanka, Zigurds"]
[Black "Kilgus, Georg"]
[Result "1-0"]
[WhiteElo "2510"]
[BlackElo "2190"]

1.e4 g6 2.d4 Bg7 3.Nc3 c6 4.f4 d5 5.e5 h5 6.Be3 Nh6 7.Nf3 Bg4 8.h3 Bxf3 9.Qxf3 Nf5
10.Bf2 h4 11.Bd3 e6 12.Ne2 Nd7 13.O-O Bf8 14.Kh2 c5 15.c4 dxc4 16.Bxc4 cxd4
17.Nxd4 Bc5 18.Nxf5 gxf5 19.Qxb7 Rb8 20.Qc6 Rb6 21.Qa4 Rb4 22.Qc2 Qb6 23.b3 Bxf2
24.Rxf2 Qc5 25.Rd1 Rb7 26.Rfd2 Rg8 27.Ba6  1-0

[Event "Ashkhabad"]
[Site "Ashkhabad"]
[Date "1996.??.??"]
[Round "4"]
[White "Odeev, Handszar"]
[Black "Komliakov, Viktor"]
[Result "0-1"]
[WhiteElo "2425"]
[BlackElo "2500"]

1.e4 g6 2.d4 Bg7 3.Nc3 c6 4.Bc4 d6 5.Qf3 e6 6.Nge2 Nd7 7.Be3 Ngf6 8.g4 d5
9.Bd3 dxe4 10.Nxe4 Nxe4 11.Bxe4 Nf6 12.g5 Nxe4 13.Qxe4 Qa5+ 14.c3 e5 15.Ng3 Be6
16.O-O O-O-O 17.dxe5 Bxe5 18.Bf4 Bxf4 19.Qxf4 Qc7 20.Qa4 Qb6 21.Qc2 h6 22.gxh6 Rxh6
23.Rfe1 Rdh8 24.Nf1 Qc7 25.f3 Bc4 26.Ng3 Qxg3+  0-1

[Event "AUT-chT2S 9697"]
[Site "Austria"]
[Date "1996.??.??"]
[Round "3"]
[White "Pitzel, K."]
[Black "Handler, Franz"]
[Result "1-0"]
[WhiteElo "2055"]
[BlackElo "1885"]

1.e4 g6 2.d4 Bg7 3.Nc3 c6 4.Nf3 d5 5.e5 Bg4 6.Be2 Nd7 7.h3 Bxf3 8.Bxf3 e6
9.O-O Ne7 10.Ne2 c5 11.c3 Nc6 12.Nf4 O-O 13.g3 c4 14.Bg2 Rb8 15.h4 b5 16.Qg4 Re8
17.h5 Nf8 18.h6 Bh8 19.Re1 b4 20.Nh5 Nd7 21.Nf4 Ne7 22.Nxe6 fxe6 23.Qxe6+ Kf8
24.Bg5 Qb6 25.Qxd7  1-0

[Event "AUT-chT9697"]
[Site "Austria"]
[Date "1996.??.??"]
[Round "9"]
[White "Grosar, Aljosa"]
[Black "Fauland, Alexander"]
[Result "0-1"]
[WhiteElo "2485"]
[BlackElo "2435"]

1.e4 g6 2.d4 Bg7 3.Nc3 c6 4.Bc4 d6 5.Qf3 e6 6.Nge2 Nf6 7.h4 Nbd7 8.Bg5 e5
9.h5 h6 10.Be3 g5 11.Bb3 exd4 12.Nxd4 Ne5 13.Qg3 Neg4 14.O-O-O Nxe3 15.fxe3 Qe7
16.Nf3 Ng4 17.Rxd6 O-O 18.Rd3 Ne5 19.Nxe5 Bxe5 20.Qf2 a5 21.a4 b6 22.Ne2 Ba6
23.Rd2 Bxe2 24.Qxe2 b5 25.Rhd1 bxa4 26.Bxa4 Rab8 27.Bb3 a4 28.Rd7 Qc5 29.R1d5 cxd5
30.Bxd5 Bxb2+ 31.Kd1 Bc3 32.Qa6 Rb1+ 33.Ke2 Re1+ 34.Kf3 Qxe3+  0-1

[Event "AUT-ch (Women)"]
[Site "?"]
[Date "1996.??.??"]
[Round "2"]
[White "Sommer, Sonja"]
[Black "Mira, Helene"]
[Result "1-0"]
[WhiteElo "2030"]
[BlackElo "2185"]

1.e4 g6 2.d4 Bg7 3.Nc3 c6 4.Bc4 d6 5.Qe2 b5 6.Nxb5 cxb5 7.Bd5 Qb6 8.Bxa8 Bxd4
9.Nf3 Bg7 10.Be3 Qa5+ 11.Qd2 b4 12.Nd4 Bd7 13.O-O Nf6 14.a3 Qh5 15.f3 bxa3
16.Rxa3 a6 17.Ra5 e5 18.Ne2 Bb5 19.Ng3  1-0

[Event "AUT-chT9596"]
[Site "?"]
[Date "1996.??.??"]
[Round "?"]
[White "Rabiega, Robert"]
[Black "Fauland, Alexander"]
[Result "1-0"]
[WhiteElo "2490"]
[BlackElo "2430"]

1.e4 g6 2.d4 Bg7 3.Nc3 c6 4.Bc4 d6 5.Qf3 e6 6.Nge2 Nf6 7.Bb3 Nbd7 8.O-O O-O
9.Bg5 e5 10.Rad1 Qe7 11.Qe3 Re8 12.Rfe1 Qf8 13.Qf3 a6 14.dxe5 dxe5 15.a4 h6
16.Bh4 g5 17.Bg3 h5 18.h4 g4 19.Qf5 Nc5 20.Qg5 Nxb3 21.cxb3 Nh7 22.Qe3 Qb4
23.f4 Be6 24.fxe5 Bxb3 25.Rd2 Rad8 26.Nf4 Rxd2 27.Qxd2 Bxe5 28.Kh1 Qe7 29.Qf2 Nf6
30.Nfe2 Bc4 31.Bxe5 Qxe5 32.Ng3 Be6 33.Rf1 Nd7 34.Nce2 Bc4 35.b3 Bxb3 36.Nf4 Nf6
37.Nd3 Nxe4 38.Nxe4 Qxe4 39.Re1 Qxd3 40.Rxe8+ Kh7 41.Qf6 Qb1+ 42.Kh2 g3+
43.Kxg3 Qg6+ 44.Qxg6+ Kxg6 45.a5 Bd5 46.Re7 c5 47.Re5 Bc6 48.Rg5+ Kh6 49.Rxc5 f6
50.Rc2 Kg6 51.Kf4 Bd5 52.g3 Bc6 53.Rc3  1-0

[Event "AUT-chT2O 9596"]
[Site "AUT"]
[Date "1996.??.??"]
[Round "9"]
[White "Amberger, Dieter"]
[Black "Tkaczuk, Rainer"]
[Result "0-1"]
[WhiteElo "2100"]
[BlackElo "2235"]

1.e4 g6 2.d4 Bg7 3.Nc3 c6 4.Nf3 d5 5.h3 dxe4 6.Nxe4 Nd7 7.Bc4 h6 8.Bb3 Ngf6
9.Nxf6+ Nxf6 10.Bf4 e6 11.Qd2 a5 12.a4 Nd5 13.Be5 O-O 14.Bxg7 Kxg7 15.O-O Qf6
16.Rfe1 Rd8 17.Re4 Bd7 18.Rae1 Be8 19.c3 Rac8 20.Ne5 Kh7 21.Bc2 c5 22.Nxg6 fxg6
23.Rxe6 Qg5 24.Qxg5 hxg5 25.dxc5 Bf7 26.Rd6 Kg7 27.Bb3 Rxd6 28.cxd6 Kf6 29.c4 Nb6
30.Re7 Bxc4 31.Rxb7 Bxb3 32.Rxb6 Rc1+ 33.Kh2 Bxa4 34.Ra6 Rc5 35.b4 axb4 36.Rxa4 Rb5
37.Ra2 Ke6 38.Rd2 Kd7 39.Kg3 b3 40.Rb2 Kxd6 41.f4 Kd5 42.fxg5 Kd4 43.Kf4 Rf5+
44.Kg4 Kc3 45.Rb1 Kc2 46.Ra1 b2 47.Ra2 Kc3 48.Rxb2 Kxb2 49.h4 Rb5 50.Kf4 Kc3
51.g4 Kd4 52.h5 Rb8 53.hxg6 Rf8+ 54.Kg3 Ke5 55.g7 Ra8 56.Kh4 Ke6 57.g6 Kf6  0-1

[Event "Wch Seniors (Women)"]
[Site "Bad Liebenzell"]
[Date "1996.??.??"]
[Round "?"]
[White "Winter, Irene"]
[Black "Khmiadashvili, Tamari"]
[Result "0-1"]
[WhiteElo "2005"]
[BlackElo "2175"]

1.e4 c6 2.d4 g6 3.Nc3 Bg7 4.f4 d5 5.e5 h5 6.Nf3 Bf5 7.Nh4 Bg4 8.Qd3 e6 9.g3 Ne7
10.h3 Bf5 11.Nxf5 Nxf5 12.Ne2 Bf8 13.Bd2 a5 14.Bg2 Na6 15.c3 Qb6 16.a4 Be7
17.O-O Nc7 18.Kh2 Qa6 19.Qxa6 Nxa6 20.Rfb1 c5 21.c4 cxd4 22.cxd5 exd5 23.Bxd5 Nc5
24.b4 axb4 25.Bxb4 Rc8 26.Bxc5 Rxc5 27.Be4 h4 28.Bxf5 hxg3+ 29.Kg2 gxf5 30.Nxd4 Rc4
31.Nf3 Rg8 32.Rc1 Rxf4 33.Rc8+ Bd8 34.Rd1 Ke7 35.a5 Rb4 36.Rd2 Rb5 37.h4 Rxa5
38.Ng5 f4 39.Nxf7 Kxf7 40.Rcxd8 Rxd8 41.Rxd8 Ra2+ 42.Kf3 Rf2+ 43.Ke4 g2 44.Kf5 g1=Q
45.e6+ Ke7 46.Rd7+ Ke8 47.Rxb7 Rd2  0-1

[Event "Balatonbereny op"]
[Site "Balatonbereny"]
[Date "1996.??.??"]
[Round "2"]
[White "Albert, Kornelia"]
[Black "Horvath, Julia"]
[Result "0-1"]
[WhiteElo "2095"]
[BlackElo "2305"]

1.e4 g6 2.d4 Bg7 3.Nc3 c6 4.Nf3 d6 5.h3 Nf6 6.Be3 O-O 7.Qd2 b5 8.a3 Nbd7
9.Be2 Nb6 10.Bh6 a5 11.Bxg7 Kxg7 12.e5 Nfd5 13.Nxd5 Nxd5 14.O-O Bf5 15.Nh4 Be6
16.f4 dxe5 17.fxe5 Qb6 18.Nf3 Rad8 19.a4 b4 20.c4 bxc3 21.bxc3 c5 22.Rab1 Qa7
23.c4 cxd4 24.Qxd4 Qxd4+ 25.Nxd4 Nc3 26.Nxe6+ fxe6 27.Rb2 Nxa4 28.Rb7 Rfe8
29.Ra1 Nc3 30.Bg4 a4 31.Bxe6 Rb8 32.Ra7 Rb2 33.c5 Re2 34.c6 Nb5 35.Ra5 Nc7
36.Bc4 Rc2 37.R1xa4 Rd8 38.Ra7 Rc8 39.Rb4 Kf8 40.Kf1 Ke8 41.Rab7 e6 42.Bb3 Rc5
43.Rh4 h5 44.Re4 Kf8 45.Ba4 Kg8 46.g4 Rf8+ 47.Kg2 Nd5 48.Rd4 h4 49.Rd2 Ne3+
50.Kg1 Rc1+ 51.Bd1 Nxd1 52.Rdd7 Ne3+  0-1

[Event "Balatonbereny op"]
[Site "Balatonbereny"]
[Date "1996.??.??"]
[Round "3"]
[White "Tobor, Detlef"]
[Black "Albert, Kornelia"]
[Result "1/2-1/2"]
[WhiteElo "2165"]
[BlackElo "2095"]

1.e4 g6 2.d4 Bg7 3.Nc3 c6 4.Bc4 d6 5.Nf3 Nf6 6.O-O d5 7.exd5 cxd5 8.Bb5+ Bd7
9.Qe2 Bxb5 10.Qxb5+ Qd7 11.Qb3 b6 12.Ne5 Qb7 13.a4 e6 14.a5 Nbd7 15.axb6 Nxb6
16.Qb5+ Nfd7 17.Na4 O-O 18.Nxd7 Qxd7 19.Qxd7 Nxd7 20.c3 Rfc8 21.Bf4 a5 22.Ra2 Ra7
23.Rfa1 Rb7 24.Bd6 Bf8 25.Bxf8 Kxf8 26.Kf1 Ke7 27.Ke2 Kd6 28.Kd3 e5 29.dxe5+ Nxe5+
30.Ke2 Nc4 31.Rd1 Rcb8 32.Kf1 Kc6 33.b4 axb4 34.cxb4 Rxb4 35.Nc3 Rd8 36.Ra6+ Rb6
37.Ra7 Rb3 38.Ne2 Rb7 39.Ra6+ Kc5 40.Nd4 Rd6 41.Ra8 Rc7 42.Rb8 Rb6 43.Rd8 Rb2
44.Nf3 Nd6 45.Ne5 Rbb7 46.Nd3+ Kc6 47.Nf4 Rb5 48.Ne2 Rb2 49.Nc3 Rd7 50.Rxd7 Kxd7
51.Nxd5 Ke6 52.Nf4+ Kd7 53.Nd3 Ra2 54.Ne5+ Ke6  1/2-1/2

[Event "Balatonbereny op"]
[Site "Balatonbereny"]
[Date "1996.??.??"]
[Round "5"]
[White "Grabics, Monika"]
[Black "Albert, Kornelia"]
[Result "1-0"]
[WhiteElo "2225"]
[BlackElo "2095"]

1.e4 g6 2.d4 Bg7 3.Nc3 c6 4.Bc4 d6 5.Qf3 e6 6.Nge2 d5 7.Bb3 f5 8.exf5 exf5
9.h4 Nf6 10.Bg5 h6 11.Bf4 Be6 12.Qe3 Kf7 13.Bxb8 Rxb8 14.Nf4 Qe7 15.O-O-O h5
16.Qg3 Bh6 17.Qxg6+ Kf8 18.Ne2 Ng4 19.Kb1 Bd7 20.Qxh5 Qf6 21.Qg6 Qe7 22.Rhe1 Re8
23.Qxg4 fxg4 24.Ng6+ Kg7 25.Nxe7 Rxe7 26.Ng1 Rhe8 27.Rxe7+ Rxe7 28.c3 Rf7
29.f3 Be3 30.Bc2 Kh6 31.Re1 Bf2 32.Rf1 Bxg1 33.Rxg1 gxf3 34.gxf3 Rxf3 35.a4 Rh3
36.Rg6+ Kh5 37.Rg7 Bc8 38.Rc7 Rh1+ 39.Ka2 Be6 40.Rxb7 Rxh4 41.Rh7+ Kg5 42.Rxh4 Kxh4
43.Ka3 a5 44.b4 axb4+ 45.Kxb4  1-0

[Event "Balatonbereny op"]
[Site "Balatonbereny"]
[Date "1996.??.??"]
[Round "7"]
[White "Almasi, Istvan"]
[Black "Eisterer, Heinrich"]
[Result "0-1"]
[WhiteElo "2405"]
[BlackElo "2340"]

1.e4 g6 2.d4 Bg7 3.Nc3 c6 4.Bc4 d6 5.Qf3 e6 6.Nge2 Nd7 7.O-O Ngf6 8.Bb3 O-O
9.Bg5 Qc7 10.Rad1 b5 11.Bxf6 Nxf6 12.e5 dxe5 13.Nxb5 cxb5 14.Qxa8 e4 15.d5 Bd7
16.Qxf8+ Bxf8 17.dxe6 Bxe6  0-1

[Event "Bardejov"]
[Site "Bardejov"]
[Date "1996.??.??"]
[Round "?"]
[White "Hagara, Eduard"]
[Black "Petran, Peter"]
[Result "1-0"]
[WhiteElo "2180"]
[BlackElo "2325"]

1.e4 g6 2.d4 Bg7 3.Nc3 c6 4.Bc4 b5 5.Bb3 b4 6.Qf3 e6 7.Nce2 d5 8.exd5 cxd5
9.Nh3 h6 10.O-O Ne7 11.a3 bxa3 12.Rxa3 O-O 13.Nhf4 Nbc6 14.Be3 Rb8 15.Rfa1 Rb5
16.Nd3 Ra5 17.Ba4 Ba6 18.Bd2 Rxa4 19.Rxa4 Bb5 20.R4a3 Qb6 21.c3 Bxd3 22.Qxd3 Qxb2
23.Bf4 Rd8 24.R3a2 Qb3 25.Qd2 g5 26.Rb2 Qc4 27.Qd1 a5 28.Bc7 Ra8 29.Ra4 Qa6
30.Bd6 Nf5 31.Bc5 Qc8 32.Ng3 Nxg3 33.hxg3 Ne5 34.dxe5 Qxc5 35.Qd4 Qc7 36.f4 Rc8
37.Rb3 h5 38.Kh1 h4 39.gxh4 gxf4 40.Qxf4 Qxe5 41.Qxe5 Bxe5 42.Rxa5 Bxc3 43.Ra7 Rc4
44.g3 Be5 45.Rf3 Bc7 46.h5 Kg7 47.Kg2 f5 48.Ra6 Re4 49.Rc3 Bd8 50.Rc8 Bg5
51.Ra7+ Kf6 52.Rg8 Bc1 53.Rg6+ Ke5 54.h6 Re2+ 55.Kh3 Re1 56.h7 Kd6 57.Ra6+ Kc5
58.Ra1 Rh1+ 59.Kg2 Rxh7 60.Rxc1+ Kd6 61.Ra1 Re7 62.Ra6+ Ke5 63.Kf3 Re8 64.Ke3 Re7
65.Kd3 Re8 66.Rh6 Re7 67.Ra1 Rg7 68.Re1+  1-0

[Event "Regionalliga NW9697"]
[Site "Bayern"]
[Date "1996.??.??"]
[Round "?"]
[White "Strobel, Walter"]
[Black "Fischer, Emil"]
[Result "1-0"]
[WhiteElo "2145"]
[BlackElo "2150"]

1.e4 g6 2.d4 c6 3.Nc3 Bg7 4.Be3 d5 5.e5 Qc7 6.f4 h5 7.Qd2 Nh6 8.Nf3 Nf5 9.Bf2 b6
10.O-O-O Ba6 11.Nh4 Nxh4 12.Bxh4 Qd7 13.Kb1 Bf8 14.h3 Bxf1 15.Rdxf1 Na6 16.f5 gxf5
17.Qd3 Nb4 18.Qxf5 Qxf5 19.Rxf5 e6 20.Rf4 Be7 21.Rhf1 Bxh4 22.Rxh4 Ke7 23.a3 Na6
24.Ne2 Rag8 25.g3 Nc7 26.Rf3 Ne8 27.Rhf4 Rh7 28.b4 Rg6 29.a4 f6 30.Rc3 Kd7
31.b5 cxb5 32.axb5 Nc7 33.exf6 Rf7 34.Rb3 Rfxf6 35.Rh4 Rg5 36.Nf4 Rff5 37.Kb2 Kd6
38.Ng2 e5 39.dxe5+ Rxe5 40.Ra4  1-0

[Event "Regionalliga SW9697"]
[Site "Bayern"]
[Date "1996.??.??"]
[Round "?"]
[White "Bach, Adrian"]
[Black "Mueller, Heinz"]
[Result "1/2-1/2"]
[WhiteElo "2355"]
[BlackElo "2165"]

1.e4 g6 2.d4 Bg7 3.Nc3 c6 4.Bc4 d6 5.Qf3 e6 6.Nge2 Nd7 7.Qg3 Qc7 8.Be3 Ngf6
9.f3 b5 10.Bb3 a6 11.h4 h5 12.Bxe6 fxe6 13.Qxg6+ Kf8 14.Nf4 Nb6 15.Qg5 Nc4
16.Ng6+ Kf7 17.Nxh8+ Bxh8  1/2-1/2